Normal view MARC view

Entry Topical Term

Number of records used in: 1

001 - CONTROL NUMBER

  • control field: 15997

003 - CONTROL NUMBER IDENTIFIER

  • control field: OSt

005 - DATE AND TIME OF LATEST TRANSACTION

  • control field: 20250406191805.0

008 - FIXED-LENGTH DATA ELEMENTS

  • fixed length control field: 250406|| aca||aabn | a|a d

040 ## - CATALOGING SOURCE

  • Original cataloging agency: OSt
  • Transcribing agency: OSt

150 ## - HEADING--TOPICAL TERM

  • Topical term or geographic name entry element: Professor burnout

670 ## - SOURCE DATA FOUND

  • Source citation: Work cat.: (OSt)4041: Roa, Lina S., author. 15707, Factors affecting the instructor's'/professors' burnout of the Cavite State University (CvSU), Rosario Campus, S.Y. 2002-2003 / , 2003